MDQL
is popping MORE tags! Check the
thread
!
Quizzes
Events
Quiz Creation
Community
Videos
Private Events
Remove Ads
Sign In
Join for FREE
Feedback
Dark Mode
Quiz Categories
Sports
Geography
Music
Movies
Television
Just For Fun
Miscellaneous
History
Literature
Language
Science
Gaming
Entertainment
Religion
Holiday
For Kids
Quiz Lab
Recent
Popular Today
Quiz Kudos Today
Editor Picks
Curator Picks
Quizzes by...
Day
Popularity
Type
Ratings
Length
Year
Community
Subscriptions
Recent Discussions
Orange Saloon
Badges
Playlists
Quests
Create
Leaderboards
Showdown
Live 5
Trivia Bingo
Activity
Puzzle Library
Sporcle Events
Private Events
Virtual Trivia
Globe League
Become a Host
Pub Owners
SporcleCon
Opinionation
Our Games
Videos
Blog
Mobile Apps
Partnerships
Remove Ads and Go Orange
Feedback
Music
Pop Music
The Beatles
Song
Album
Lyrics
Bands
Singers
Artist
Clip
Rock
Rap
Classical
Billboard
Country Music
Kpop
Taylor Swift
Music
Pop Music
The Beatles
Song
Album
Lyrics
Bands
Singers
Artist
Clip
Rock
Rap
Classical
Billboard
Country Music
Kpop
Taylor Swift
Random Quiz
Search Sporcle
×
Quiz Lab
Quiz Lab
Music
Song
Type in answers that appear in a list
Type in answers that appear in a list
Classic
Best Score? Go Orange.
Pitchfork's Best Music Videos of 2009 Stats
Can you name the Best Music Videos of 2009 according to Pitchfork?
By
russman10987
10m
40 Questions
51 Plays
51 Plays
51 Plays
Comments
Comments
Give Quiz Kudos
Give Quiz Kudos
-
- Ratings
hide this ad
Replay
Link that replays current quiz
Next Quiz
Link to next quiz in quiz playlist
You Got
0%
They Got
Avg Score
10%
Avg Friend Score
Upgrade to see
Score Distribution
Jump to the score distribution portion of the page
Score
0/40
Timer
10:00
0
Plays Today
Artist
Song
% Correct
Lady Gaga
Bad Romance
70.6%
MGMT
Kids
64.7%
Bat for Lashes
Daniel
37.3%
Grizzly Bear
Two Weeks
31.4%
Phoenix
Lisztomania
31.4%
Coldplay
Life in Technicolor II
19.6%
M83
We Own the Sky
17.6%
Department of Eagles
No One Does It Like You
11.8%
Depeche Mode
Wrong
11.8%
Fleet Foxes
Mykonos
11.8%
The Dead Weather
Treat Me Like Your Mother
9.8%
St. Vincent
Marrow
7.8%
Cass McCombs
You Saved My Life
5.9%
Chairlift
Evident Utensil
5.9%
Charlotte Gainsbourg (ft. Beck)
Heaven Can Wait
5.9%
Fever Ray
If I Had a Heart
5.9%
Major Lazer
Pon de Floor
5.9%
Matt & Kim
Lessons Learned
5.9%
Washed Out
Feel It All Around
5.9%
Bob Dylan
Beyond Here Lies Nothin
3.9%
Artist
Song
% Correct
Carl Sagan (ft. Stephen Hawking)
A Glorious Dawn
3.9%
Dan Deacon
Paddling Ghost
3.9%
Dinosaur Jr.
Over It
3.9%
El Perro Del Mar
Change of Heart
3.9%
Electric Six
Body Shot
3.9%
The Flaming Lips
Watching the Planets
3.9%
Girls
Hellhole Ratrace
3.9%
HEALTH
Die Slow
3.9%
Lenny Kravitz
Let Love Rule (Justice Remix)
3.9%
The Mae Shi
R U Professional
3.9%
The Walkmen
On the Water
3.9%
Grouper
Hold the Way
2%
Kanye West
We Were Once a Fairytale
2%
N.A.S.A.
A Volta
2%
No Age
Losing Feeling
2%
Raekwon (ft. Inspectah Deck, Ghostface Killah, Method Man)
House of Flying Daggers
2%
Rainbow Arabia
Omar K
2%
Ramona Falls
I Say Fever
2%
Royksopp (ft. Karin Dreijer Andersson)
This Must Be It
2%
Wavves
No Hope Kids
2%
Quiz Playlist
Details
Report
Send in Message
Add To Playlist
Classic:
Type in answers that appear in a list
Quiz Source
Last Updated: Feb 16, 2017
Quiz Scoreboard
CHALLENGE
Sign Up to Join the Scoreboard
Show All
Scores
Hide
Comments
May contain spoilers
Recently Published
5x2 Blitz: Bands
by SL_Kpop136
Music
30s
Colored Red Africa Blitz
by spor1
Geography
30s
Find the 'City' Movie
by crazypaving
Movies
60s
More to Explore
Quiz From the Vault
Featured Blog Post
14 Easter Pick-up Lines to Find Eggs With
hide this ad
You Might Also Like...
Tags
Artist Quiz
Song Quiz
2009
pitchfork
Video
Today's Top Quizzes in Music
Browse Music
hide this ad
Today's Top Quizzes in Song
Browse Song
Top Contributed Quizzes in Music
1
5X2 Blitz: Bands II
2
Taylor Swift All Songs (2024)
3
5X2 Blitz: The Beatles
4
5X2 Blitz: Billboard
5
Taylor Swift Logic Puzzle
6
Taylor Swift Logic Puzzle II
7
5X2 Blitz: Album
8
5X2 Blitz: Billboard II
9
Music Artist by Three 2010s hits
10
5X2 Blitz: Rock
Explore More
Trending Topics
Marvel
Disney
Harry Potter
Crossword
Kpop
NBA
Anime
The Office
Puzzle
Pokémon
Song
NFL
WWE
Soccer
Country
hide this ad
More By:
russman10987
Quiz
Plays
Rating
Category
Featured
Created
Pitchfork's Best Music Videos of 2010
40
Music
Dec 10, 2010
IGN's Top 100 RPGs of All Time
6,305
4.45
Gaming
Sep 18, 2012
Soul Calibur Series Characters
2,020
4.00
Gaming
Jan 24, 2010
US Soccer Players with 10 Caps or More
1,243
5.00
Sports
Mar 23, 2011
IGN's top 25 Playstation 2 Games
1,173
4.40
Gaming
Jan 19, 2010
US Soccer All Time Goal Scorers
818
5.00
Sports
Mar 14, 2011
Go to Creator's Profile
Score Distribution
Quiz Creator Spotlight
russman10987
Follow
Send a Message
Quizzes Created
-
Created Quiz Play Count
-
More By This Creator
Popular Quizzes Today
1
5x2 Blitz: Bands
2
Find the 'City' Movie
3
Find the US States - No Outlines Minefield
4
Colored Red Africa Blitz
5
The Countries of the World
6
Find the US States
7
Risky Map Clicking: Biggest States A-Z
8
9x9 Crossword: Cartoon Network
More Music Quizzes
It's Only A Name 2 (Clips)
Quiz Lab
Trending Quizzes
Colored Red Africa Blitz II
Colored Red Europe Blitz I
Find the 'Dark' Movie
Find the 'Day' Movie
Find the 'Good' Movie
Recently Updated
Champions League XIs: Real Madrid
pecheneg
Largest US Cities 1790-2010
pecheneg
Rides in Walt Disney World
pecheneg
Most Oscar Losses (Acting)
pecheneg
Beyoncé Albums
pecheneg
Leaping Animals
pecheneg
Reality TV Shows (A-Z)
bhenderson79
Rickey Henderson's Hall of Fame Teammates
pecheneg
Champions League XIs: Arsenal
pecheneg
Quick Pick: Celebrities in WWE's Hall of Fame
aduchscher
Trending Topics
Marvel
Harry Potter
NBA
Anime
Disney
Kpop
Crossword
Song
Pokémon
Soccer
The Office
NFL
Puzzle
WWE
Country
Your Account Isn't Verified!
In order to create a playlist on Sporcle, you need to verify the email address you used during registration. Go to your
Sporcle Settings
to finish the process.
Report this User
Report this user for behavior that violates our
Community Guidelines
.
Details:
Send Report
Go to the Sporcle.com Mobile Site →
Comments